La iglesia en diálogo y encuentro

Uloženo v:
Podrobná bibliografie
Hlavní autor: Fries, Heinrich (Autor)
Médium: Kniha
Jazyk:španělština
Vydáno: Salamanca Sígueme 1967
Edice:Colección Diálogo, 3
Témata:
Tagy: Přidat tag
Žádné tagy, Buďte první, kdo vytvoří štítek k tomuto záznamu!

MARC

LEADER 00000nam a2200000 a 4500
001 UCJ2774
003 CL-VaPUC
008 070112e19670000SP |||||||||||||||||spa|d
082 0 4 |a 262.1  |b FRI  |2 21 
100 0 |a Fries, Heinrich  |e author  |9 503744 
245 1 3 |a La iglesia en diálogo y encuentro 
300 |a 272 p 
942 |c BK 
945 |d 20070112 00:00:00  |a lvergara 
260 |a Salamanca  |b Sígueme  |c 1967 
650 0 |a Iglesia   |9 255004 
650 0 |a Religión   |9 255164 
650 0 |a Vida cristiana  |9 258753 
650 0 |a Creencia Religiosa  |9 316904 
650 0 |a Cristianismo  |9 257361 
583 |a last modification  |c 20070112 00:00:00  |k Rodrigo Vera 
490 0 |a Colección Diálogo, 3 
999 |c 318905  |d 318903 
952 |0 0  |1 0  |4 0  |6 262_100000000000000_FRI_1967  |7 0  |8 A  |9 397101  |a BIBTEO  |b BIBTEO  |d 2019-11-22  |i 4304551  |o 262.1 FRI 1967  |p 4304551  |r 2025-01-17  |w 2019-11-22  |y BK  |k ICR